An introductory course of quantitative chemical analysis with explanatory notes (Record no. 48103)
[ view plain ]
| 000 -LEADER | |
|---|---|
| fixed length control field | 00720nam a2200193 a 4500 |
| 008 - FIXED-LENGTH DATA ELEMENTS--GENERAL INFORMATION | |
| fixed length control field | 120416s1935 ||||||||||||||||| || u |
| 050 ## - LIBRARY OF CONGRESS CALL NUMBER | |
| Classification number | QD 101 Tal |
| 100 ## - MAIN ENTRY--PERSONAL NAME | |
| Personal name | Talbot, Henry P |
| 245 13 - TITLE STATEMENT | |
| Title | An introductory course of quantitative chemical analysis with explanatory notes |
| 250 ## - EDITION STATEMENT | |
| Edition statement | 7th ed. |
| 260 ## - PUBLICATION, DISTRIBUTION, ETC. | |
| Place of publication, distribution, etc. | New York |
| Name of publisher, distributor, etc. | Macmillan |
| Date of publication, distribution, etc. | 1935 |
| 300 ## - PHYSICAL DESCRIPTION | |
| Extent | xii, 253p. : ill. |
| 350 ## - PRICE (NR) (BK AM CF MU VM SE) [OBSOLETE] | |
| Price | 0.00 |
| 650 ## - SUBJECT ADDED ENTRY--TOPICAL TERM | |
| Topical term or geographic name entry element | CHEMISTRY, ANALYTIC--QUANTITATIVE |
| 650 #0 - SUBJECT ADDED ENTRY--TOPICAL TERM | |
| Topical term or geographic name entry element | CHEMISTRY--HANDBOOKS, MANUALS, ETC |
| 700 ## - ADDED ENTRY--PERSONAL NAME | |
| Personal name | Simpson, S. G |
| 700 ## - ADDED ENTRY--PERSONAL NAME | |
| Personal name | Hamilton, L. F |
| 995 ## - RECOMMENDATION 995 [LOCAL, UNIMARC FRANCE] | |
| -- | 0.00 |
| -- | CBU-MAIN LIBRARY (Kitwe) |
| -- | 1 |
| -- | 5.60 |
| -- | 1 |
| -- | AVAILABLE |
| -- | Apr 25, 2007 |
| -- | Annex Low-Usage Collection |
| Withdrawn status | Lost status | Source of classification or shelving scheme | Damaged status | Not for loan | Home library | Current library | Shelving location | Date acquired | Total Checkouts | Full call number | Barcode | Date last seen | Price effective from | Koha item type |
|---|---|---|---|---|---|---|---|---|---|---|---|---|---|---|
| CBU-MAIN LIBRARY, KITWE. | CBU-MAIN LIBRARY, KITWE. | 11/30/2022 | QD 101 Tal | 012253 | 11/30/2022 | 11/30/2022 | MONOGRAPH |